ادارة المواجهة / (رقم التسجيلة. 247097)

تفاصيل مارك
000 -الفاتح
عناصر البيانات ثابتة الطول 00900nam a2200241 i 4500
005 - تاريخ ووقت آخر معاملة
حقل ضبط 20251108191214.0
008 - عناصر البيانات ثابتة الطول
عناصر البيانات ثابتة الطول 250906s2025 ua ||||gr|||| 00| 0 ara d
020 ## - الترقيم الدولي المعياري للكتب (ردمك)
الترقيم الدولي المعياري للكتب (ردمك) 9789774081390
040 ## - مصدر الفهرسة
هيئة الفهرسة الأصلية JO-AmGAM
قواعد الوصف rda
082 14 - رقم تصنيف ديوي العشري
رقم التصنيف 658.45
رقم المادة م ا ي
100 1# - مدخل رئيسي – اسم شخصي
الاسم الشخصي ماير، روبرت
علاقة الشخص بالعمل/ دوره مؤلف.
245 10 - بيان العنوان
العنوان ادارة المواجهة /
بيان المسؤولية روبرت ماير ؛ اعداد قسم الترجمة بدار الفاروق.
250 ## - بيان الطبعة
بيان الطبعة الطبعة التاسعة.
264 31 - بيانات النشر، التوزيع…إلخ
مكان النشر، التوزيع...إلخ القاهرة :
اسم الناشر، الموزع...إلخ دار الفاروق للاستثمارات الثقافية،
تاريخ النشر، التوزيع...إلخ 2025.
336 ## - نوع المحتوى
المصدر rdacontent
مصطلح نوع المحتوى نص
كود نوع المحتوى txt
337 ## - نوع الوسيط
المصدر rdamedia
مصطلح نوع الوسيط دون وسيط عرض
كود نوع الوسيط n
338 ## - نوع الحامل
المصدر rdacarrier
مصطلح نوع الحامل مجلد
كود نوع الحامل nc
650 17 - مدخل إضافي بالموضوع - مصطلح موضوعي
مصطلح موضوعي أو اسم جغرافي كعنصر مدخل ادارة المواجهة.
650 17 - مدخل إضافي بالموضوع - مصطلح موضوعي
مصطلح موضوعي أو اسم جغرافي كعنصر مدخل التفاوض.
710 2# - مدخل إضافي - اسم هيئة
اسم الهيئة أو السلطة المختصة كعنصر مدخل قسم الترجمة بدار الفاروق.
علاقة الهيئة بالعمل/ دورالهئية مترجم.
942 ## - بيانات إضافية (كوها)
نوع المادة (كوها) كتب
نوع التنصيف Dewey Decimal Classification
المقتنيات
حالة السحب حالة الفقدان مصدر التصنيف حالة التلف غير قابل للإعارة المكتبة الرئيسية المكتبة الحالية موقع الرف تاريخ التزويد مصدر التزويد العملة التكلفة، سعر الشراء العادي الرقم المتسلسل Total Checkouts رقم الإستدعاء الباركود تاريخ آخر ظهور التكلفة وسعر الاستبدال تاريخ الفاتورة نوع المادة (كوها)
    Dewey Decimal Classification     المكتبة المركزية المكتبة المركزية الإعارة 16/10/2025 18 JOD 5.00 1796714   658.45 / م ا ي PLD00517832 16/10/2025 5.00 16/10/2025 كتب
    Dewey Decimal Classification     مكتبة أم قصير والمقابلين العامة مكتبة أم قصير والمقابلين العامة الإعارة 16/10/2025 18 JOD 5.00 1796722   658.45 / م ا ي PLD00517840 16/10/2025 5.00 16/10/2025 كتب
    Dewey Decimal Classification     مكتبة الأميرة ايمان العامة مكتبة الأميرة ايمان العامة الإعارة 16/10/2025 18 JOD 5.00 1796716   658.45 / م ا ي PLD00517834 16/10/2025 5.00 16/10/2025 كتب
    Dewey Decimal Classification     مكتبة الاميرة بديعة مكتبة الاميرة بديعة الإعارة 16/10/2025 18 JOD 5.00 1796720   658.45 / م ا ي PLD00517838 16/10/2025 5.00 16/10/2025 كتب
    Dewey Decimal Classification     مكتبة البراعم الواعدة مكتبة البراعم الواعدة الإعارة 16/10/2025 18 JOD 5.00 1796723   658.45 / م ا ي PLD00517841 16/10/2025 5.00 16/10/2025 كتب
    Dewey Decimal Classification     مكتبة الجويدة مكتبة الجويدة الإعارة 16/10/2025 18 JOD 5.00 1796717   658.45 / م ا ي PLD00517835 16/10/2025 5.00 16/10/2025 كتب
    Dewey Decimal Classification     مكتبة الحسن العامة مكتبة الحسن العامة الإعارة 16/10/2025 18 JOD 5.00 1796721   658.45 / م ا ي PLD00517839 16/10/2025 5.00 16/10/2025 كتب
    Dewey Decimal Classification     مكتبة حمزة العامة مكتبة حمزة العامة الإعارة 16/10/2025 18 JOD 5.00 1796719   658.45 / م ا ي PLD00517837 16/10/2025 5.00 16/10/2025 كتب
    Dewey Decimal Classification     مكتبة صويلح العامة مكتبة صويلح العامة الإعارة 16/10/2025 18 JOD 5.00 1796715   658.45 / م ا ي PLD00517833 16/10/2025 5.00 16/10/2025 كتب
    Dewey Decimal Classification     مكتبة وادي السير العامة مكتبة وادي السير العامة الإعارة 16/10/2025 18 JOD 5.00 1796718   658.45 / م ا ي PLD00517836 16/10/2025 5.00 16/10/2025 كتب
Implemented & Customized by: BBB with SCIT (Smart Chains for Information Technology)

Powered by Koha